| 000 | 00783nam a22002177a 4500 | ||
|---|---|---|---|
| 005 | 20260505144521.0 | ||
| 008 | 230202b ||||| |||| 00| 0 eng d | ||
| 040 | _cAL | ||
| 041 | _aKannada | ||
| 082 |
_223 _aK894.3 _bMUDW |
||
| 100 |
_aMudda Suresh and others _9263270 |
||
| 100 |
_970669 _dಮುದ್ದಾ ಸುರೇಶ್ |
||
| 245 |
_aWoodoo mattu Swapna Swarupa _b ವೂಡೂ ಮತ್ತು ಸ್ವಪ್ನ ಸ್ವರೂಪ |
||
| 260 |
_aBengaluru ಬೆಂಗಳೂರು _bUmaraja Prakashana ಉಮಾರಾಜ ಪ್ರಕಾಶನ _c1990 |
||
| 300 |
_a163 p. _bPB _c18x12 cm. |
||
| 650 |
_aFiction _970670 |
||
| 700 |
_aMUDDA (Suresh) _970671 |
||
| 700 |
_aPALKAMPALLI (Shantadevi) _970672 |
||
| 700 |
_aAJJAMPURA (G Suri) tr _970673 |
||
| 942 |
_2ddc _cBK |
||
| 999 |
_c226541 _d226541 |
||